000 00512nam a22001937a 4500
003 MPLRDC
005 20220104114330.0
008 210129b ||||| |||| 00| 0 eng d
020 _a981-4185-29-9
082 _a859.6 ETCS
100 _aJANE AUSTEN 原著
245 _a傲慢与偏见
_cGRETA CENCETTI绘图; 陈启凎等改写
250 _a初版
260 _a新加坡
_b大众书局
_c2005
300 _b221
490 _a儿童彩色世界文学
650 _a儿童文学
942 _cBK
_o859.6 ETCS
999 _c6670
_d6660